00334nam a2200121Ia 4500008004100000041000800041082001500049100002000064245004600084260003700130300003300167365001200200240624s9999 xx 000 0 und d aeng a302.35 CLE aCLEGG STEWART R aSAGE HANDBOOK OF ORGANIZATIONAL BEHAVIOR  c2009aLondonbSage International axviii, : 518 : p. : cm. ; 25 cGBPb38